1000 Most Popular Girls' Names (2010) Quiz Stats

 Plays Quiz Updated Sep 30, 2012

Challenge
Share
Tweet
Embed
Score 0/100 Timer 11:00
5 Plays Today
Rank Name % Correct
1 to 10Isabella
93.5%
21 to 30Lillian
91.6%
11 to 20Addison
91.6%
121 to 130Sara
89.2%
101 to 110Mya
87.3%
91 to 100Eva
87.2%
51 to 60Peyton
86.8%
191 to 200Diana
86.1%
111 to 120Lydia
84.8%
31 to 40Zoe
84.4%
81 to 90Autumn
83.4%
41 to 50Amelia
83%
61 to 70Camila
82.6%
131 to 140Megan
80.9%
911 to 920Ann
79.4%
381 to 390Kailey
79.3%
71 to 80Destiny
77.5%
151 to 160Daisy
76.4%
161 to 170Katie
75.9%
181 to 190Skylar
75.6%
231 to 240Kinley
73.6%
201 to 210Makenna
70.9%
211 to 220Lola
69.7%
171 to 180Jacqueline
69.5%
271 to 280Jazmine
68.9%
601 to 610Perla
67.8%
511 to 520Myla
67.6%
251 to 260Jazmin
67.4%
301 to 310Kamryn
66.8%
721 to 730Rosemary
66.6%
681 to 690Amelie
65.6%
411 to 420Itzel
64.8%
291 to 300Kara
64.1%
241 to 250Lexi
63.9%
Rank Name % Correct
221 to 230Tessa
63.7%
331 to 340Lilah
63.2%
421 to 430Elliana
62.7%
371 to 380Juliette
62.6%
581 to 590Madalynn
62.4%
591 to 600Elisabeth
61.5%
341 to 350Audrina
61%
671 to 680Alisson
60.6%
711 to 720Abril
59.3%
771 to 780Kaya
58.2%
561 to 570Madilynn
58.1%
571 to 580Dylan
58.1%
791 to 800Yaritza
56.7%
311 to 320Tiffany
56.6%
621 to 630Maia
56.6%
141 to 150Jenna
56%
701 to 710Rachael
55.3%
321 to 330Rylie
55.2%
281 to 290Camryn
54.2%
361 to 370Madalyn
54.1%
481 to 490Lana
51.5%
781 to 790Carlie
51.4%
351 to 360Ayla
51.2%
261 to 270Mariana
50.6%
391 to 400Kaylie
50.2%
961 to 970Kimber
49%
541 to 550Anika
46.2%
871 to 880Renee
45.4%
981 to 990Evelin
44.8%
431 to 440Mikaela
44.1%
521 to 530Nancy
44%
461 to 470Amari
42.9%
611 to 620Ayanna
42.6%
551 to 560Halle
42.4%
Rank Name % Correct
821 to 830Abbie
41.7%
691 to 700Jordynn
41.5%
441 to 450Lacey
40.3%
891 to 900Briella
40.2%
901 to 910Princess
39%
811 to 820Karsyn
38.4%
861 to 870Jacquelyn
38.2%
851 to 860Lillianna
37.4%
501 to 510Lauryn
37%
951 to 960Kierra
36.2%
641 to 650Bryanna
35.5%
801 to 810Patience
35.1%
401 to 410Lindsey
35.1%
451 to 460Paola
33.3%
931 to 940Payten
32.7%
741 to 750Carolyn
32%
751 to 760Giada
31.6%
661 to 670Taryn
30.9%
841 to 850Hadassah
30.5%
831 to 840Hayleigh
30.3%
491 to 500Zariah
29.7%
531 to 540Lorelei
29.1%
761 to 770Aryana
28.9%
881 to 890Lara
28.1%
631 to 640Paityn
23.7%
471 to 480Sage
23.1%
731 to 740Jazmyn
20.8%
941 to 950Yamileth
20%
921 to 930Esme
18.4%
651 to 660Haven
17.1%
971 to 980Kairi
15.5%
991 to 1000Bryleigh
12.9%

You're not logged in!

Compare scores with friends on all Sporcle quizzes.
OR
Log In

You Might Also Like...

Show Comments

Extras

Top Quizzes Today


Score Distribution

Your Account Isn't Verified!

In order to create a playlist on Sporcle, you need to verify the email address you used during registration. Go to your Sporcle Settings to finish the process.

Report this User

Report this user for behavior that violates our Community Guidelines.

Details: